|
|
|
|
| LEADER |
00000cab a22000007a 4500 |
| 008 |
180823s2004 sp o 000 spa |
| 952 |
|
|
|0 0
|1 0
|4 0
|6 RECURSO_ELECTRONICO
|7 0
|8 BAS
|9 93810
|a BC
|b BC
|c General
|d 2020-04-28
|l 0
|o RECURSO ELECTRONICO
|r 2020-04-28 00:00:00
|w 2020-04-28
|y REVA
|A 14
|B ANT
|
| 999 |
|
|
|c 51031
|d 51031
|
| 040 |
|
|
|a UAHC
|c UAHC
|d UAHC
|
| 100 |
|
|
|a Bueno, Gustavo
|9 4530
|
| 245 |
|
|
|a Confrontación de doce tesis características del sistema del Idealismo trascendental con las correspondientes tesis del Materialismo filosófico
|c Gustavo Bueno.
|
| 260 |
|
|
|a España :
|c 2004
|
| 500 |
|
|
|a En: El Basilisco: Revista de materialismo filosófico. Nº 35, 2004, pp. 3-40. ISSN 0210-0088. Sitio visitado (www.filosofia.org/rev/bas/bas23501.htm) el 23 de agosto de 2018.
|
| 520 |
|
|
|a El texto que aquí se publica es una reconstrucción de la intervención que al autor le correspondió llevar a cabo en los IX Encuentros de Filosofía en Gijón (9 de julio de 2004). La intervención tuvo la forma de «conferencia expuesta» (no leída); por lo que en esta reconstrucción se ha optado por mantener el «género literario», más próximo al del ensayo (descargado de todo aparato doxográfico erudito) que al de la «memoria» estrictamente académica.
|
| 600 |
|
0 |
|9 37
|a Kant, Immanuel
|d 1724-1804
|x Crítica e interpretación
|
| 650 |
|
0 |
|9 4531
|a Idealismo
|
| 650 |
|
0 |
|9 127
|a Filosofía
|
| 856 |
|
|
|u www.filosofia.org/rev/bas/bas23501.htm
|y Acceso electrónico al documento
|
| 900 |
|
|
|a RECURSO ELECTRONICO
|
| 942 |
|
|
|c REVA
|